00493nam a2200181 a 4500001001300000003000900013005001700022008004100039020001000080082001700090100002400107245004300131260005900174300000800233500003500241650001100276700002400287nice12345678IN_TiNIC20260116011750.0070914s1964 gena grp 000 0 eng  ac10000a297.4bKHA13 aKhan, Hazrat Inayat aThe Sufi Message and the Sufi Movement aGenevabInternational Head Quarters of Sufi Movec1964 a47p aincludes index and biblioraphy aSufism1 aKhan, Hazrat Inayat